| 000 | 00552 a2200217 4500 | ||
|---|---|---|---|
| 260 | _aParis | ||
| 100 | _aLEVY-RANVOISY, Francine | ||
| 260 | _bACCT | ||
| 260 | _bKARTHALA | ||
| 245 | _aManuel de dessin pour communiquer avec une population non alphabétisée : la perspective orthogonale | ||
| 300 | _a186p. | ||
| 650 | _aALPHABETISATION | ||
| 260 | _c1987 | ||
| 300 | _bill. | ||
| 130 | _lFr | ||
| 690 | _aperspective orthogonale | ||
| 690 | _apopulation non alphabétisée | ||
| 020 | _a2-86537-180-8 | ||
| 999 |
_c21194 _d21194 |
||